|
|
|
|
| LEADER |
01437nam a2200349 a 4500 |
| 001 |
29457 |
| 003 |
BD-DhAAL |
| 005 |
20150730105303.0 |
| 008 |
150730r20121993ii b 001 0 eng |
| 010 |
|
|
|a 93905632
|
| 020 |
|
|
|a 9788125046516
|
| 020 |
|
|
|a 0863113095
|
| 025 |
|
|
|a I-E-71976
|
| 040 |
|
|
|a DLC
|c DLC
|d DLC
|d BD-DhAAL
|
| 043 |
|
|
|a a-ii---
|
| 050 |
0 |
0 |
|a JQ231
|b .V45 1993
|
| 082 |
0 |
0 |
|a 306.249548921
|2 21
|
| 100 |
1 |
|
|a Veluthat, Kesavan,
|d 1951-
|9 13348
|
| 245 |
1 |
4 |
|a The political structure of early medieval South India /
|c Kesavan Veluthat.
|
| 250 |
|
|
|a 2nd ed.
|
| 260 |
|
|
|a Hyderabad, A.P. ;
|a India :
|b Orient Longman ;
|b Orient BlackSwan,
|c 1993 [reprinted 2012].
|
| 300 |
|
|
|a xi, 294 p. ;
|c 23 cm.
|
| 500 |
|
|
|a Revision of the author's thesis (Ph. D.--University of Calicut, 1987).
|
| 504 |
|
|
|a Includes bibliographical references (p. 271-288) and index.
|
| 541 |
|
|
|e 29457
|
| 650 |
|
0 |
|a Power (Social sciences)
|z India, South
|x History.
|9 13349
|
| 651 |
|
0 |
|a India, South
|x Politics and government.
|9 13350
|
| 651 |
|
0 |
|a India, South
|x History.
|9 13351
|
| 942 |
|
|
|2 ddc
|c BK
|
| 999 |
|
|
|c 35103
|d 35103
|
| 952 |
|
|
|0 0
|1 0
|2 ddc
|4 0
|6 306_249548921000000_VEL
|7 0
|9 55026
|a BRACUL
|b BRACUL
|c GEN
|d 2015-07-30
|l 0
|o 306.249548921 VEL
|p 3010029457
|r 2015-07-30
|t 1
|w 2015-07-30
|y BK
|
| 952 |
|
|
|0 0
|1 0
|2 ddc
|4 0
|6 306_249548921000000_VEL
|7 0
|9 55067
|a BRACUL
|b BRACUL
|c GEN
|d 2015-08-02
|l 0
|o 306.249548921 VEL
|p 3010029458
|r 2015-08-02
|t 2
|w 2015-08-02
|y BK
|